000 00678nam a2200289Ia 4500
005 20260324142736.0
008 008 260324s9999 xx 000 0 eng d
020 _a9781315844459
037 _aEBOOK
040 _aCRL
040 _beng
040 _cCRL
041 _2eng
041 _aeng
084 _qCRL
100 _aRoger Pearson
_91213076
245 0 _aStendhal
245 4 _bThe Red and the Black and The Charterhouse of Parma
260 _bTaylor and Francis
260 _c1994
365 _a
365 _b300
856 _uhttp://www.taylorfrancis.com/books/9781315844459
942 _cEBOOK
999 _c1817621
_d1817621